Introduction to mathematics for life scientists /
Guardado en:
| Autor Principal: | |
|---|---|
| Formato: | Libro |
| Idioma: | English |
| Publicado: |
Berlin ; New York :
Springer-Verlag,
1971.
|
| Series: | Biomathematics ;
v. 2 |
| Materias: | |
| Etiquetas: |
Agregar Etiqueta
Sin Etiquetas, Sea el primero en etiquetar este registro!
|
| LEADER | 01220cam a2200229 a 4500 | ||
|---|---|---|---|
| 001 | MAT.inmabb006663 | ||
| 008 | 720103s1971####gw#a#####b####001#0#eng## | ||
| 005 | 20130319154712.0 | ||
| 245 | 1 | 0 | |a Introduction to mathematics for life scientists / |c Edward Batschelet. |
| 260 | |a Berlin ; |a New York : |b Springer-Verlag, |c 1971. | ||
| 300 | |a xiv, 495 p. : |b il. ; |c 24 cm. | ||
| 440 | 0 | |a Biomathematics ; |v v. 2 | |
| 504 | |a Incluye referencias bibliográficas (p. [468]-476) e índice. | ||
| 505 | 0 | |a 1. Real numbers -- 2. Sets and symbolic logic -- 3. Relations and functions -- 4. The power function and related functions -- 5. Periodic functions -- 6. Exponential and logarithmic functions I -- 7. Graphical methods -- 8. Limits -- 9. Differential and integral calculus -- 10. Exponential and logarithmic functions II -- 11. Ordinary differential equations -- 12. Functions of two or more independent variables -- 13. Probability -- 14. Matrices and vectors -- 15. Complex numbers. | |
| 020 | |a 3540055223 | ||
| 020 | |a 3540055223 | ||
| 100 | 1 | |a Batschelet, Edward. | |
| 650 | 0 | |a Biomathematics. | |
| 084 | |a 00A06 (92B05) |2 msc2000 | ||
| 010 | |a 70167852 | ||
| 040 | |a DLC |c DLC |d DLC | ||
| 859 | |h 00A06 |i B334 |p A-4288 |b BIB. MATEMATICA | ||
